000 00312nam a2200145Ia 4500
100 _aKulkarni
650 _aGeneral
942 _cBK
654 _aModel Question
245 _aModel Question With Solustions
260 _bPragati Prakashan
_aPune
_c1984
082 _a540
300 _a63
546 _aENGLISH
999 _c33468
_d33468